[Event "AUS-ch U12"]
[Site "Adelaide"]
[Date "2009.01.12"]
[Round "10"]
[White "Bowditch, James"]
[Black "Nakauchi, Kenji"]
[Result "0-1"]
[WhiteElo "861"]
[BlackElo "815"]
[PlyCount "54"]
[EventDate "2009.01.02"]
[EventType "swiss"]
[EventRounds "11"]
[EventCountry "AUS"]
[SourceTitle "CBM 128 Extra"]
[Source "ChessBase"]
[SourceDate "2009.03.05"]
[SourceVersion "2"]
[SourceVersionDate "2009.03.25"]
[SourceQuality "1"]

1. e4 e5 2. Nf3 Nc6 3. Bc4 Be7 4. d3 Nf6 5. Bg5 d6 6. h3 0-0 7. Nc3 Nd4 8. Nd5 Nxd5 9. Nxd4 Bxg5 10. Bxd5 exd4 11. Qf3 Be6 12. Bxb7 Rb8 13. Bd5 Rxb2 14. Qe2 Bxd5 15. exd5 Re8 16. Qxe8+ Qxe8+ 17. Kf1 h6 18. g3 Rxc2 19. Re1 Qb5 20. Kg2 Be3 21. Rhf1 Qxd5+ 22. Kg1 Qxa2 23. Ra1 Bxf2+ 24. Rxf2 Qxa1+ 25. Kg2 Rxf2+ 26. Kxf2 Qb2+ 27. Kf3 a5 0-1

[Event "AUS-ch U12"]
[Site "Adelaide"]
[Date "2009.01.09"]
[Round "8"]
[White "Mithran, Mishael"]
[Black "Bowditch, James"]
[Result "0-1"]
[WhiteElo "919"]
[BlackElo "861"]
[PlyCount "78"]
[EventDate "2009.01.02"]
[EventType "swiss"]
[EventRounds "11"]
[EventCountry "AUS"]
[SourceTitle "CBM 128 Extra"]
[Source "ChessBase"]
[SourceDate "2009.03.05"]
[SourceVersion "2"]
[SourceVersionDate "2009.03.25"]
[SourceQuality "1"]

1. e4 e5 2. Nf3 Nc6 3. Bc4 Bc5 4. d3 Nf6 5. Ng5 0-0 6. 0-0 h6 7. Nf3 d6 8. Nc3 Bg4 9. h3 Bh5 10. Nd5 Nxd5 11. Bxd5 Qf6 12. Bd2 Nd4 13. Qb1 Nxf3+ 14. gxf3 Qxf3 15. Kh2 Bxf2 16. Rg1 Bxg1+ 17. Qxg1 Qe2+ 18. Qg2 Qxg2+ 19. Kxg2 c6 20. Bb3 a5 21. a4 Kh7 22. c4 Be2 23. Bc2 f5 24. exf5 Rxf5 25. d4 Bf3+ 26. Kh2 e4 27. Re1 d5 28. Rf1 g6 29. b4 axb4 30. Bxb4 dxc4 31. Rxf3 Rxf3 32. Kg2 Re3 33. Kf2 Rxh3 34. Bxe4 Rxa4 35. Bg2 Rxb4 36. Bxh3 c3 37. Ke2 Rxd4 38. Ke3 c2 39. Kxd4 c1Q 0-1

[Event "AUS-ch U12"]
[Site "Adelaide"]
[Date "2009.01.03"]
[Round "2"]
[White "Jack, Martin"]
[Black "Bowditch, James"]
[Result "1-0"]
[WhiteElo "1314"]
[BlackElo "861"]
[PlyCount "35"]
[EventDate "2009.01.02"]
[EventType "swiss"]
[EventRounds "11"]
[EventCountry "AUS"]
[SourceTitle "CBM 128 Extra"]
[Source "ChessBase"]
[SourceDate "2009.03.05"]
[SourceVersion "2"]
[SourceVersionDate "2009.03.25"]
[SourceQuality "1"]

1. e4 d5 2. exd5 Nf6 3. Nf3 Qxd5 4. Nc3 Qa5 5. d3 Nc6 6. Bd2 Bg4 7. h3 Qh5 8. Qe2 Nd4 9. hxg4 Nxf3+ 10. Qxf3 Qxh1 11. Qxb7 Rd8 12. g5 Ng4 13. Nb5 Nh2 14. Nxc7+ Kd7 15. Nb5+ Ke8 16. Qc6+ Rd7 17. Qc8+ Rd8 18. Nc7# 1-0